Valid Answer - Asian History - Statistics

General Stats
  • This quiz has been taken 37 times
  • The average score is 12 of 18
Answer Stats
Hint # Answer % Correct
Countries that were part of the Ottoman Empire 9 Turkey/Syria/Lebanon/Iraq/Yemen/Saudi Arabia/Kuwait/Israel/Palestine
97%
British colonies in Asia 8 India/Pakistan/Bangladesh/Myanmar/Sri Lanka/Hong Kong/Singapore/Malaysia
83%
Countries that Alexander the Great beat 9 Turkey/Syria/Palestine/Israel/Jordan/Iran/Iraq/Afghanistan/Pakistan
83%
Countries ending in -stan 7 Afghanistan/Kazakhstan/Kyrgyzstan/Pakistan/Tajikistan/Turkmenistan/Uzbekistan
81%
Modern countries that were part of the USSR (except Russia) 8 Armenia/Azerbaijan/Georgia/Kazakhstan/Kyrgyzstan/Tajikistan/ Turkmenistan/Uzbekistan
81%
Top 5 largest empires in Asia by land area 5 Mongol/Russian/Qing/Abbasid/Umayyad
81%
Transcontinental 4 Georgia/Kazakhstan/Russia/Turkey
75%
Countries that beats the Mongol Empire 4 Vietnam/India/Japan/Indonesia
75%
Never been colonized (partially or protectorate doesn't count) 2 Thailand/Japan
72%
Portuguese colonies 6 Goa/Daman/Diu/Macau/Malacca/East Timor
69%
Allied independent countries in WW2 (except USSR) 3 China/Saudi Arabia/Mongolia
64%
All former communist countries except USSR 4 Mongolia/Kampuchea/North Korea/South Yemen
61%
Japanese emperors after the Meiji restoration (excluding Meiji) 4 Taisho/Hirohito/Akihito/Naruhito
61%
Chinese kingdoms during the three kingdoms period 3 Cao Wei/Shu Han/Eastern Wu
47%
Mongol Empire khanates 4 Golden Horde/Ilkhanate/Chagatai/Yuan
44%
Any language that is written vertically 2 Mongolian/Manchu
33%
Top 5 longest reigning rulers 5 Rama IX/Hirohito/Kangxi/Qianlong/Al-Mustansir Billah
31%
Top 5 shortest lasting empires in Asia 5 Vietnam/Korean/Sur/Aulikara/Nanda
19%
No matching quizzes found
Score Distribution
Percent of People with Each Score
Percentile by Number Answered
Your Score History
You have not taken this quiz